| 000 | 00670nam a2200205Ia 4500 | ||
|---|---|---|---|
| 003 | IIN | ||
| 005 | 20250502110054.0 | ||
| 008 | 250502s2023 xx adc 000 0 eng d | ||
| 020 |
_cRs.1795.00 _a9789390619078 |
||
| 040 |
_aIIN _bEnglish |
||
| 082 |
_a610.73 _bGHA |
||
| 100 | 1 | _a Ghai, Sandhya | |
| 245 |
_aClinical Nursing Procedures _bPostgraduate Institute of Medical Education & Research (PGIMER), Chandigarh National Institute of Nursing Education (NINE)/ _cSandhya Ghai |
||
| 250 | _a3rd ed | ||
| 260 |
_bCBS _aNew Delhi _c2023 |
||
| 300 |
_axiii, 1321 p. _bcol. ill. |
||
| 650 | 1 |
_aFoundation _vNursing |
|
| 650 | 1 |
_aProcedures _vClinical Nursing |
|
| 942 | _cBOOK | ||
| 999 |
_c1788 _d1788 |
||